Normal view MARC view
  • Imbernón Muñoz, Francisco

Entry Nombre Personal

Number of records used in: 22

001 - NUMERO DE CONTROL

  • campo de control: 28561

003 - IDENTIFICADOR DE NUMERO DE CONTROL

  • campo de control: UPN

005 - FECHA Y HORA DE LA ÜLTIMA TRANSACCIÓN

  • campo de control: 20210219194355.0

008 - DATOS DE LONGITUD FIJA

  • campo de control de longitud fija: nabaccnnaabn|||||||||| b |nc|||||d

035 ## - NUMERO DE CONTROL

  • Número de control: UPN11000000667

040 ## - FUENTE DE CATALOGACIÓN

  • Lenguaje de catalogación: SPA
  • Agencia de transcripción: UPN

100 1# - ENCABEZAMIENTO - NOMBRE PERSONAL

  • Nombre personal: Imbernón Muñoz, Francisco

400 1# - VEÁSE - NOMBRE DE PERSONA

  • Personal name: Imbernón, Francisco

400 1# - VEÁSE - NOMBRE DE PERSONA

  • Personal name: Imbernon, Francesc

670 ## - FUENTE EN LA QUE SE LOCALIZARON DATOS

  • Cita de la fuente: T
  • Uniform Resource Identifier: http://redie.uabc.mx/modules.php?name=revista&op=ver_cv&aid=214&newlang=english

680 ## - NOTA PUBLICA DE ACCESO PÚBLICO

  • Frase explicativa de la referencia: Educador español

902 ## - CATALOGADOR

  • Catalogador: DAA/211107